00642nam a2200193Ia 4500001000700000008004100007035001600048041001000064084001300074110005400087245017600141260002900317300002100346650002300367650001300390650001500403650002100418650000900439021923221003s2005 xx 000 0 cat d aCENDO_14378 acatb aCD-06426 aCCOObCONCbSecretaria d'Acció Socioeconòmica 0aPolítiques sanitàries i dèficits en salut reproductiva /c[Dolors Llobet... (et al.)] Comissió obrera naciona de Catalunya, Secretaria d'acció socioeocnonòmica aBarcelona :bCONC,c2005 a94 p. ;c 21 cm aPOLITICA SANITARIA aEMBARAZO aCATALUÑA 0aACTITUD SINDICAL aCONC